Normal view
MARC view
- Wasif Bashir, syndicate no 4
Entry Personal Name
001 - CONTROL NUMBER
- control field: 48212
003 - CONTROL NUMBER IDENTIFIER
- control field: NUST
005 - DATE AND TIME OF LATEST TRANSACTION
- control field: 20210314134012.0
008 - FIXED-LENGTH DATA ELEMENTS
- fixed length control field: 210314|| aca||aabn | a|a d
040 ## - CATALOGING SOURCE
- Original cataloging agency: NUST
- Transcribing agency: NUST
100 ## - HEADING--PERSONAL NAME
- Personal name: Wasif Bashir, syndicate no 4
670 ## - SOURCE DATA FOUND
- Source citation: Work cat.: (NUST): Wasif Bashir, syndicate no 4, Ferrocement boat design, analysis and development, 2006
